| 000 | 00540nam a2200205 a 4500 | ||
|---|---|---|---|
| 001 | BRCA_7144 | ||
| 005 | 20190320205728.0 | ||
| 008 | 110112s1922----gw-a######---#000-0#ger-# | ||
| 041 | _ager | ||
| 044 | _agw | ||
| 050 | 4 |
_aPN14 _b.I58 1922 |
|
| 245 | 1 | 0 | _aInsel Almanach aus das Jahr 1922 |
| 260 |
_aLeipzig, Alemania _bIm Insel _c1922 |
||
| 300 |
_a221 p. _bil. _c18 cm. |
||
| 500 | _aP34 | ||
| 650 | 1 | 4 |
_aLiteratura alemana (secciones, extractos, etc.) _917736 |
| 650 | 1 | 4 |
_aAlmanaques alemanes _917737 |
| 902 | _aGFM | ||
| 942 |
_2lcc _cB |
||
| 999 |
_c6825 _d6825 |
||